Enterpreneurial Finance A Case book (Record no. 345234)

000 -LEADER
fixed length control field 00380 a2200133 4500
020 ## - INTERNATIONAL STANDARD BOOK NUMBER
International Standard Book Number 0471080667
024 ## - OTHER STANDARD IDENTIFIER
Standard number or code 9780471080664
082 ## - DEWEY DECIMAL CLASSIFICATION NUMBER
Classification number 658.15224
Author Mark Gompers, Paul A.
090 ## - LOCALLY ASSIGNED LC-TYPE CALL NUMBER (OCLC); LOCAL CALL NUMBER (RLIN)
-- 2743
-- 2743
245 ## - TITLE STATEMENT
Title Enterpreneurial Finance A Case book
Statement of responsibility, etc. Paul A. Gompers
Medium William Sahlman
260 ## - PUBLICATION, DISTRIBUTION, ETC.
Place of publication, distribution, etc. New York
Name of publisher, distributor, etc. John Wiley & Sons
Date of publication, distribution, etc. 2002
300 ## - PHYSICAL DESCRIPTION
Extent 692
942 ## - ADDED ENTRY ELEMENTS (KOHA)
Institution code [OBSOLETE] NBS
Koha item type Book
Call number prefix 658.15224 GOM
Holdings
Withdrawn status Lost status Damaged status Not for loan Permanent Location Current Location Date acquired Total Checkouts Full call number Barcode Date last seen Price effective from Koha item type
        Central Library (CL) Central Library (CL) 08/28/2013   658.15224 GOM NBS4545 08/28/2013 08/28/2013 Book
© 2023 Central Library, National University of Sciences and Technology. All Rights Reserved.